000 00991nam a22002417a 4500
005 20191224042241.0
008 160316b1998 sz ||||gr|||| 00| 0 spa d
040 _aCO-BoIAVH
_cCO-BoIAVH
041 0 _aspa
044 _asz
082 0 4 _a333.73616
_bC76n
245 0 0 _aConvención de las Naciones Unidas de lucha contra la desertificación en los países afectados por sequía grave o desertificación, en particular en África
260 _aSuiza :
_bSecretaría de la Convención de las Naciones Unidas de Lucha contra la Desertificación,
_c[1998?].
300 _a1 carpeta (14 hojas) ;
_c30 x 23 centímetros
650 6 _aDesertificación
_xAspectos ambientales
650 6 _aDesertificación
650 6 _aCambio climático
651 0 _aAsia
651 0 _aÁfrica
651 0 _aAmérica Latina
710 2 _aSecretaría de la Convención de las Naciones Unidas de Lucha contra la Desertificación
942 _2ddc
_cFolleto
999 _c18229
_d18229